000 00651nam a2200265Ia 4500
003 OSt
005 20220912152304.0
006 a|||||r|||| 00| 0
007 ta
008 220909b |||||||| |||| 00| 0 eng d
024 _a53397
037 _cTextual
040 _aCSL
_beng
_cCSL
041 _aeng
082 _aJBv2,N3, K2.4
100 _aChampion Harry Ed.
245 0 _aForests of India
260 _c1962
300 _ap.
_ccm.
650 _a Forestry
650 _aAgriculture
700 _a Osmaston E C Ed.
942 _hJBv2,N3, K2.4
_cTEXL
_2CC
999 _c83900
_d83900